Statistics for Premier League Opening Day Starters 2022–2023

Click here to take the quiz!

General Stats

  • This quiz has been taken 214 times
  • The average score is 118 of 220

Answer Stats

TeamPosPlayer% Correct
Wolverhampton WanderersGKJosé Sá
99%
ArsenalGKAaron Ramsdale
95%
ArsenalFWBukayo Saka
94%
Aston VillaGKEmiliano Martínez
94%
ArsenalFWGabriel Jesus
94%
ArsenalFWGabriel Martinelli
94%
Manchester UnitedDFLisandro Martíinez
94%
Tottenham HotspurFWSon Heung-Min
91%
ArsenalDFBen White
90%
Manchester CityFWErling Haaland
90%
ArsenalMFMartin Ødegaard
90%
Manchester CityGKEderson
89%
ArsenalDFGabriel Magalhães
89%
Wolverhampton WanderersMFMorgan Gibbs-White
89%
Manchester UnitedGKDavid de Gea
88%
ChelseaGKÉdouard Mendy
88%
ArsenalMFGranit Xhaka
88%
Manchester CityMFKevin De Bruyne
88%
ChelseaDFThiago Silva
88%
Nottingham ForestGKDean Henderson
87%
LiverpoolMFJordan Henderson
87%
Manchester UnitedFWMarcus Rashford
87%
ArsenalMFThomas Partey
87%
LiverpoolGKAlisson
86%
LiverpoolFWMohamed Salah
86%
LiverpoolDFVirgil van Dijk
86%
LiverpoolFWLuis Díaz
85%
ArsenalDFOleksandr Zinchenko
85%
Manchester CityFWPhil Foden
85%
Manchester CityDFRúben Dias
85%
ArsenalDFWilliam Saliba
85%
LiverpoolDFTrent Alexander-Arnold
84%
LiverpoolDFAndrew Robertson
83%
Tottenham HotspurFWHarry Kane
83%
Manchester CityDFKyle Walker
83%
Newcastle UnitedGKNick Pope
83%
Tottenham HotspurGKHugo Lloris
81%
EvertonGKJordan Pickford
81%
Manchester UnitedDFLuke Shaw
81%
BrentfordFWIvan Toney
80%
Manchester CityMFRodri
80%
Manchester UnitedMFBruno Fernandes
78%
Leicester CityGKDanny Ward
78%
Manchester UnitedDFHarry Maguire
78%
Manchester CityDFJoão Cancelo
78%
ChelseaMFReece James
78%
Manchester CityMFIlkay Gündogan
77%
LiverpoolDFJoël Matip
77%
Newcastle UnitedDFKieran Trippier
77%
ChelseaFWMason Mount
77%
BrentfordGKDavid Raya
76%
Manchester UnitedDFDiogo Dalot
76%
Manchester UnitedMFFred
76%
Leicester CityFWJamie Vardy
76%
ChelseaFWKai Havertz
76%
ChelseaMFN'Golo Kanté
76%
LiverpoolFWRoberto Firmino
76%
Brighton & Hove AlbionGKRobert Sánchez
76%
Newcastle UnitedFWCallum Wilson
75%
LiverpoolMFFabinho
75%
Manchester CityFWJack Grealish
75%
Aston VillaDFMatty Cash
74%
Manchester CityDFNathan Aké
73%
Manchester UnitedMFScott McTominay
73%
Crystal PalaceMFWilfried Zaha
73%
FulhamFWAleksandar Mitrovic
72%
West Ham UnitedMFDeclan Rice
72%
ChelseaFWRaheem Sterling
71%
Aston VillaFWDanny Ings
70%
Manchester UnitedFWJadon Sancho
70%
ChelseaMFBen Chilwell
68%
Tottenham HotspurFWDejan Kulusevski
67%
LiverpoolMFThiago
67%
ChelseaMFJorginho
66%
BrentfordFWBryan Mbeumo
65%
Brighton & Hove AlbionDFLewis Dunk
65%
Tottenham HotspurDFEric Dier
64%
Aston VillaDFLucas Digne
64%
West Ham UnitedFWMichail Antonio
64%
Crystal PalaceMFEberechi Eze
63%
Newcastle UnitedDFFabian Schär
63%
Leicester CityFWJames Maddison
63%
SouthamptonMFJames Ward-Prowse
63%
Aston VillaFWLeon Bailey
63%
Leeds UnitedGKIllan Meslier
62%
Newcastle UnitedMFJoelinton
62%
Newcastle UnitedFWMiguel Almirón
62%
Newcastle UnitedDFDan Burn
61%
Aston VillaMFJohn McGinn
61%
ChelseaDFKalidou Koulibaly
61%
Leeds UnitedFWPatrick Bamford
61%
West Ham UnitedGKLukasz Fabianski
60%
Leeds UnitedMFTyler Adams
60%
Newcastle UnitedMFBruno Guimarães
59%
Aston VillaDFEzri Konsa
59%
Brighton & Hove AlbionMFPascal Groß
58%
Aston VillaFWPhilippe Coutinho
58%
Manchester UnitedFWChristian Eriksen
57%
Brighton & Hove AlbionFWDanny Welbeck
57%
Tottenham HotspurMFPierre-Emile Højbjerg
57%
Tottenham HotspurDFCristian Romero
56%
BournemouthFWDominic Solanke
56%
Newcastle UnitedFWAllan Saint-Maximin
55%
BrentfordDFBen Mee
55%
Brighton & Hove AlbionFWLeandro Trossard
55%
Tottenham HotspurDFBen Davies
54%
West Ham UnitedDFBen Johnson
54%
Nottingham ForestFWBrennan Johnson
54%
Crystal PalaceGKVicente Guaita
54%
Leicester CityMFYouri Tielemans
54%
Brighton & Hove AlbionMFAlexis Mac Allister
53%
Brighton & Hove AlbionFWSolly March
53%
West Ham UnitedMFTomás Soucek
53%
Wolverhampton WanderersMFRúben Neves
52%
Crystal PalaceMFJordan Ayew
51%
Wolverhampton WanderersMFPedro Neto
51%
Tottenham HotspurMFRodrigo Bentancur
51%
ChelseaDFCésar Azpilicueta
50%
Tottenham HotspurMFEmerson Royal
50%
Crystal PalaceDFMarc Guéhi
50%
BournemouthMFPhilip Billing
50%
FulhamDFTim Ream
50%
EvertonFWAnthony Gordon
49%
West Ham UnitedMFJarrod Bowen
49%
Newcastle UnitedMFJoe Willock
49%
Brighton & Hove AlbionMFMoisés Caicedo
49%
FulhamMFAndreas Pereira
47%
Aston VillaMFJacob Ramsey
47%
Crystal PalaceFWOdsonne Édouard
47%
Leeds UnitedMFRodrigo
47%
Leicester CityDFWesley Fofana
47%
Nottingham ForestFWJesse Lingard
46%
Crystal PalaceDFJoachim Andersen
46%
Crystal PalaceDFTyrick Mitchell
46%
Aston VillaDFDiego Carlos
45%
West Ham UnitedDFKurt Zouma
45%
EvertonDFJames Tarkowski
44%
BrentfordFWYoane Wissa
44%
BrentfordMFChristian Nørgaard
43%
Leeds UnitedMFJack Harrison
43%
BrentfordDFRico Henry
43%
West Ham UnitedDFVladimír Coufal
43%
Leicester CityMFWilfried Ndidi
43%
West Ham UnitedDFAaron Cresswell
42%
FulhamDFAntonee Robinson
42%
Leeds UnitedMFBrenden Aaronson
42%
BrentfordMFMathias Jensen
42%
SouthamptonFWAdam Armstrong
40%
BournemouthMFAdam Smith
40%
FulhamMFBobby De Cordova-Reid
39%
SouthamptonGKGavin Bazunu
39%
Tottenham HotspurMFRyan Sessegnon
39%
Brighton & Hove AlbionDFAdam Webster
38%
Brighton & Hove AlbionDFJoël Veltman
38%
BournemouthGKMark Travers
38%
FulhamMFHarrison Reed
37%
Newcastle UnitedDFMatt Targett
36%
EvertonMFAbdoulaye Doucouré
35%
EvertonMFAlex Iwobi
35%
Crystal PalaceMFCheick Doucouré
35%
West Ham UnitedMFPablo Fornals
35%
Leeds UnitedDFRobin Koch
35%
EvertonDFVitaliy Mykolenko
35%
FulhamMFJoão Palhinha
34%
Aston VillaMFBoubacar Kamara
33%
Leicester CityDFJonny Evans
33%
FulhamDFKenny Tete
33%
BournemouthFWKieffer Moore
33%
SouthamptonDFKyle Walker-Peters
33%
Crystal PalaceDFNathaniel Clyne
33%
Nottingham ForestMFNeco Williams
33%
BrentfordMFVitaly Janelt
33%
EvertonMFDemarai Gray
32%
Crystal PalaceMFJeffrey Schlupp
32%
Wolverhampton WanderersMFDaniel Podence
31%
EvertonDFNathan Patterson
31%
EvertonDFYerry Mina
31%
BrentfordDFPontus Jansson
30%
Leicester CityMFTimothy Castagne
30%
West Ham UnitedMFManuel Lanzini
29%
Wolverhampton WanderersDFMaximilian Kilman
29%
BournemouthFWMarcus Tavernier
28%
Leeds UnitedDFRasmus Kristensen
28%
Brighton & Hove AlbionMFAdam Lallana
26%
SouthamptonDFJan Bednarek
26%
Leicester CityMFKiernan Dewsbury-Hall
26%
BrentfordDFAaron Hickey
25%
Leicester CityDFDaniel Amartey
25%
EvertonDFBen Godfrey
24%
BournemouthDFJefferson Lerma
24%
BournemouthDFLloyd Kelly
24%
FulhamGKMarek Rodák
24%
SouthamptonDFMohammed Salisu
24%
Leeds UnitedDFDiego Llorente
23%
EvertonMFDwight McNeil
23%
SouthamptonMFRoméo Lavia
23%
BournemouthDFChris Mepham
22%
Nottingham ForestDFJoe Worrall
22%
Wolverhampton WanderersDFRayan Aït-Nouri
22%
Leicester CityMFJames Justin
20%
Wolverhampton WanderersDFNathan Collins
19%
FulhamDFTosin Adarabioyo
19%
Leeds UnitedMFMarc Roca
18%
Wolverhampton WanderersDFJonny
17%
Wolverhampton WanderersMFLeander Dendoncker
17%
Nottingham ForestDFScott McKenna
16%
Wolverhampton WanderersFWHwang Hee-Chan
15%
FulhamMFNeeskens Kebano
15%
Nottingham ForestFWSam Surridge
14%
SouthamptonFWJoe Aribo
13%
SouthamptonDFMoussa Djenepo
13%
SouthamptonMFOriol Romeu
13%
Nottingham ForestMFHarry Toffolo
12%
BournemouthMFJordan Zemura
12%
Nottingham ForestMFLewis O'Brien
10%
Nottingham ForestDFMoussa Niakhaté
10%
BournemouthMFBen Pearson
8%
Nottingham ForestMFJack Colback
8%
SouthamptonDFYan Valery
5%
Leeds UnitedDFPascal Strujik
3%

Score Distribution

Percentile by Number Answered

Percent of People with Each Score

Your Score History

You have not taken this quiz